000 00771nam a22002177a 4500
999 _c17753
_d17753
003 AR-CdUCM
008 190509b ||||| |||| 00| 0 spa d
040 _aMUNICIPALIDAD PROVINCIAL DEL CUSCO
_cBIBLIOTECA MUNICIPAL DEL CUSCO
082 _24ed.
_a980.01 /
_bL41
100 _aLehmann, Henri
_937919
245 _aLas culturas precolombinas /
260 _aBuenos Aires :
_bUniversitaria de Buenos Aires,
_c1966.
300 _a135 páginas ;
_c19 cm.
440 _aLectores de EUDEBA
_937920
505 _aContenido : Las culturas precolombinas -- El área mesoamericana -- El área circuncaribe -- El área andina ...
650 _aHistoria
_9136
650 _aMesoamericana
_937921
650 _aUniversal
_918236
942 _2ddc
_cLIBROS
945 _arah
_d09/05/2019